[Event "Senior Master Norms for the Brave & Bold"]
[Site "SchemingMind.com"]
[Date "2007.06.07"]
[Round "-"]
[White "lone_psycho"]
[Black "Aumonde"]
[Result "1/2-1/2"]
[WhiteCountry "USA"]
[BlackCountry "USA"]
[WhiteElo "2176"]
[WhiteRD "95"]
[BlackElo "2262"]
[BlackRD "56"]
[GameID "108250"]

1. d4 e6 2. e4 Be7 3. Nc3 d5 4. Nf3 Nf6 5. Bd3 O-O 6. O-O b6 7. Re1 dxe4 8. Nxe4 Nbd7 9. c3 Bb7 10. Qc2 h6
11. Bf4 Nd5 12. Bd2 c5 13. dxc5 bxc5 14. Ng3 Qc7 15. c4 N5f6 16. Ne4 Nh5 17. Rad1 Nf4 18. Bxf4 Qxf4 19. Ned2 Nf6 20. Ne5 Rfd8
21. g3 Qg5 22. f4 Qh5 23. Be2 Qf5 24. Qxf5 exf5 25. Bf3 Rab8 26. Bxb7 Rxb7 27. Nc6 Re8 28. Nb3 Ne4 29. Nxe7+ Rexe7 30. g4 g6
31. gxf5 gxf5 32. Rd5 Re6 33. Re2 Rg6+ 34. Kf1 Rg4 35. Rxf5 Nd6 36. h3 Nxf5 37. Re8+ Kg7 38. hxg4 Nd6 39. Re2 Nxc4 40. Nxc5=
1/2-1/2

[Event "Senior Master Norms for the Brave & Bold"]
[Site "SchemingMind.com"]
[Date "2007.06.07"]
[Round "-"]
[White "Adunatos"]
[Black "Aumonde"]
[Result "0-1"]
[WhiteCountry "NED"]
[BlackCountry "USA"]
[WhiteElo "2237"]
[WhiteRD "58"]
[BlackElo "2262"]
[BlackRD "56"]
[GameID "108251"]

1. d4 d5 2. c4 c6 3. Nf3 Nf6 4. Nc3 a6 5. e3 b5 6. b3 Nbd7 7. Bd3 e6 8. O-O Bd6 9. a4 b4 10. Ne2 dxc4
11. Bxc4 Bb7 12. Nf4 c5 13. Bb2 O-O 14. dxc5 Nxc5 15. Nd3 Nce4 16. Rc1 Rc8 17. Be5 Ng4 18. Bxd6 Qxd6 19. Nf4 Qe7 20. h3 Rfd8
21. Qe1 Nh6 22. a5 Nc3 23. Ne2 Nf5
0-1